Statystyki dla Państwa Związku Radzieckiego

Kliknij tutaj aby rozwiązać quiz!

Ogólne statystyki

  • Ten quiz został rozwiązany 92 razy
  • Średni wynik to 14 z 15

Statystyki odpowiedzi

StolicaPaństwo% Poprawnych
MińskBiałoruś
100%
WilnoLitwa
100%
MoskwaRosja
100%
KijówUkraina
100%
TallinnEstonia
99%
RygaŁotwa
99%
TblisiGruzja
97%
Nur - Sułtan (Astana)Kazachstan
96%
BakuAzerbejdżan
95%
ErywańArmenia
92%
KiszyniówMołdawia
90%
TaszkentUzbekistan
86%
BiszkekKirgistan
84%
DuszanbeTadżykistan
82%
AszchabadTurkmenistan
82%

Rozkład punktacji

Percentyl według liczby udzielonych odpowiedzi

Procent ludzi z każdym wynikiem

Twoja historia wyników

Nie rozwiązałeś tego quizu